[Event "Athens Panellinios op 7th"]
[Site "Athens"]
[Date "2013.02.18"]
[Round "6"]
[White "Kiritsis, Dimitrios"]
[Black "Anairousis, Panagiotis"]
[Result "0-1"]
[WhiteElo "1540"]
[BlackElo "1935"]
[PlyCount "134"]
[EventDate "2013.01.14"]
[EventType "swiss"]
[EventRounds "7"]
[EventCountry "GRE"]
[SourceTitle "EXT 2024"]
[Source "ChessBase"]
[SourceDate "2023.10.10"]
[SourceVersion "1"]
[SourceVersionDate "2023.10.10"]
[SourceQuality "1"]

1. e4 Nc6 2. Nf3 e5 3. c4 Bc5 4. Be2 d6 5. d3 f5 6. Be3 f4 7. Bxc5 dxc5 8. Nc3 Nge7 9. Nd2 Nd4 10. Nb3 b6 11. Bh5+ g6 12. Bf3 c6 13. a4 a5 14. Nxd4 Qxd4 15. Qc2 h5 16. Ne2 Qd6 17. Qc3 Qf6 18. h4 Be6 19. Qb3 Rb8 20. Qc3 Kf7 21. Ng1 Rhd8 22. Be2 Bg4 23. Nf3 Bxf3 24. gxf3 Qd6 25. 0-0-0 Qd4 26. Rh2 Rd6 27. Rg2 Kf6 28. Rg5 Rg8 29. Kc2 Rgd8 30. Rdg1 b5 31. axb5 cxb5 32. cxb5 Rb6 33. Qxa5 Rdb8 34. Qc3 Rxb5 35. Qxd4 cxd4 36. Rb1 Rb3 37. Rgg1 Ng8 38. Rgc1 Nh6 39. Kd2 Rxb2+ 40. Rxb2 Rxb2+ 41. Ke1 Rb6 42. Kf1 g5 43. hxg5+ Kxg5 44. Kg2 Rb2 45. Bf1 Kh4 46. Rc5 Nf7 47. Rc7 Ng5 48. Rc5 Nh3 49. Kh2 Nxf2 50. Kg1 Nh3+ 51. Bxh3 Kxh3 52. Rxe5 Kg3 53. Rg5+ Kxf3 54. Rxh5 Ke3 55. e5 f3 56. e6 Rb1+ 57. Kh2 Kxd3 58. Rf5 Re1 59. Rxf3+ Kc2 60. Rf2+ Kc3 61. Rf8 Rxe6 62. Rc8+ Kd2 63. Kg2 d3 64. Kf3 Kd1 65. Rc3 d2 66. Kf2 Rf6+ 67. Kg1 Ke2 0-1